Fórum. Szorványstratégia - nemzetstratégia. Megjegyzések Vetési László: Szorványstratégia - nemzetstratégia című tanulmányához. (Strategie nationala - strategia diasporei). [On the keyword lecture raised by Vetési László: Diaspora strategy - national strategy.

Elmentve itt :
Bibliográfiai részletek
Szerző: BICZÓ Gábor
Adatforrás:Meister
Forrásdokumentuma:Magyar Kisebbség. -
2000. 3, 3-15.
Nyelv:magyar
Kulcsszavak:politológia
magyarok
nemzetstratégia
asszimilació
kultúra
identitás
szórvány
nemzet
modernizáció
globalizáció
kisebbségi kérdés
politologie
maghiari
strategie nationala
asimilare
cultura
identitate
diaspora maghiara
natiune
modernizare
globalizare
problema nationala
politology
Hungarians
national strategy
assimilation
culture
identity
Hungarian diaspora
nation
modernization
globalization
national issues
LEADER 01488nab a2200505 i 4500
001 bibPRO00010909
008 080908s2000 xx hun
040 |a Sz1 
041 |a hun 
100 1 |a BICZÓ Gábor 
245 1 0 |a Fórum. Szorványstratégia - nemzetstratégia. Megjegyzések Vetési László: Szorványstratégia - nemzetstratégia című tanulmányához. (Strategie nationala - strategia diasporei). [On the keyword lecture raised by Vetési László: Diaspora strategy - national strategy.  |c BICZÓ Gábor 
695 |a politológia 
695 |a magyarok 
695 |a nemzetstratégia 
695 |a asszimilació 
695 |a kultúra 
695 |a identitás 
695 |a szórvány 
695 |a nemzet 
695 |a modernizáció 
695 |a globalizáció 
695 |a kisebbségi kérdés 
695 |a politologie 
695 |a maghiari 
695 |a strategie nationala 
695 |a asimilare 
695 |a cultura 
695 |a identitate 
695 |a diaspora maghiara 
695 |a natiune 
695 |a modernizare 
695 |a globalizare 
695 |a problema nationala 
695 |a politology 
695 |a Hungarians 
695 |a national strategy 
695 |a assimilation 
695 |a culture 
695 |a identity 
695 |a Hungarian diaspora 
695 |a nation 
695 |a modernization 
695 |a globalization 
695 |a national issues 
773 0 |t Magyar Kisebbség. -  |g 2000. 3, 3-15.